|
|
|
|
| LEADER |
03557nam a2200409Ka 4500 |
| 001 |
bslw06348077 |
| 003 |
UtOrBLW |
| 005 |
20101115152719.0 |
| 006 |
m d |
| 007 |
cr un||||||||| |
| 008 |
101115s2006 enk o 000 0 eng d |
| 020 |
|
|
|a 9781849504362 (electronic bk.) :
|c £84.95 ; €119.95 ; $154.95
|
| 040 |
|
|
|a UtOrBLW
|c UtOrBLW
|d GrThAP
|
| 050 |
|
4 |
|a HD30.28
|b .R47 2006
|
| 072 |
|
7 |
|a KJC
|2 bicssc
|
| 072 |
|
7 |
|a BUS
|2 bicssc
|
| 072 |
|
7 |
|a BUS041000
|2 bisacsh
|
| 072 |
|
7 |
|a SOC000000
|2 bisacsh
|
| 080 |
|
|
|a 005.21
|
| 082 |
0 |
4 |
|a 658.4012
|2 22
|
| 245 |
0 |
0 |
|a Research methodology in strategy and management.
|n Vol. 3
|h [electronic resource] /
|c edited by David J. Ketchen, Donald D. Bergh.
|
| 260 |
|
|
|a Bingley, U.K. :
|b Emerald,
|c 2006.
|
| 300 |
|
|
|a 1 online resource (xvii, 415 p.).
|
| 490 |
1 |
|
|a Research methodology in strategy and management,
|x 1479-8387
|
| 505 |
0 |
|
|a Scholarship that endures / Sumantra Ghoshal -- Theory, practice, and scholarship / Raymond E. Miles, Charles C. Snow -- Analysis of extremes in management studies / Joel A.C. Baum, Bill McKelvey -- Constructs and construct measurement in upper echelons research / Mason A. Carpenter, Gregory P. Reilly -- Constructs and construct measurement in upper echelons research / Mason A. Carpenter, Gregory P. Reilly -- The role of formative measurement models in strategic management research : review, critique, and implications for future research / Nathan P. Podsakoff, Wei Shen, Philip M. Podsakoff -- Individuals and organizations : thoughts on a micro-foundations project for strategic management and organizational analysis / Teppo Felin, Nicolai Foss -- Rigor and relevance using repertory grid technique in strategy research / Robert P. Wright -- Studying the dynamics of reputation : a framework for research on the reputational consequences of corporate actions / Matthew S. Kraatz, E. Geoffrey Love -- Surveying the corporate elite : theoretical and practical guidance on improving response rates and response quality in top management survey questionnaires / Michael K. Bednar, James D. Westphal -- An assessment of the use of structural equation modeling in international business research / G. Tomas M. Hult, David J. Ketchen, Anna Shaojie Cui, Andrea M. Prudhomme, Steven H. Seggie, Michael A. Stanko, Alex Shichun Xu, S. Tamer Cavusgil -- Managerial constraint : the intersection between organizational task environment and discretion / Brian K. Boyd, Steve Gove -- Assessing the external environment : an enrichment of the archival tradition / C. Chet Miller, D.T. Ogilvie, William H. Glick -- Introduction / David J. Ketchen, Donald D. Bergh.
|
| 520 |
|
|
|a Volume 3 of the Research Methodology in Strategy and Management title offers twelve chapters of discussion surrounding various tools and methods utilized by scholars and academics. A wide range of approaches are covered that will prove to be an important reference and inspiration for strategists, managers, and researchers. It is a resource containing recent research by some of the field's most respected scholars.
|
| 650 |
|
7 |
|a Business & Economics
|x Management.
|2 bisacsh
|
| 650 |
|
7 |
|a Social Science
|x General.
|2 bisacsh
|
| 650 |
|
7 |
|a Business strategy.
|2 bicssc
|
| 650 |
|
0 |
|a Strategic planning.
|
| 650 |
|
0 |
|a Management.
|
| 700 |
1 |
|
|a Ketchen, David J.
|
| 700 |
1 |
|
|a Bergh, Donald D.
|
| 776 |
1 |
|
|z 9780762313396
|
| 830 |
|
0 |
|a Research methodology in strategy and management.
|
| 856 |
4 |
0 |
|u http://www.emeraldinsight.com/1479-8387/3
|z Full Text via HEAL-Link
|
| 913 |
|
|
|1 BMEbacklist
|